[Event "Romania blitz online op final"]
[Site "Chess.com INT"]
[Date "2020.05.06"]
[Round "6"]
[White "Radulescu, Andrei"]
[Black "Iustin, Silviu"]
[Result "1/2-1/2"]
[WhiteElo "1863"]
[BlackElo "1998"]
[PlyCount "112"]
[EventDate "2020.05.06"]
[EventType "swiss (blitz)"]
[EventRounds "9"]
[EventCountry "ROU"]
[SourceTitle "CBM 196 Extra"]
[Source "ChessBase"]
[SourceDate "2020.07.31"]
[SourceVersion "1"]
[SourceVersionDate "2020.07.31"]
[SourceQuality "1"]

1. g3 Nf6 2. Bg2 g6 3. c4 Bg7 4. Nc3 0-0 5. d3 d6 6. h4 e5 7. Nh3 Nc6 8. b3 Ng4 9. Ng5 f5 10. Bd5+ Kh8 11. Nf7+ Rxf7 12. Bxf7 e4 13. Bb2 exd3 14. Qxd3 Nce5 15. Qd2 Nxf7 16. h5 Kg8 17. hxg6 hxg6 18. f3 Nge5 19. 0-0-0 Be6 20. Nd5 Bxd5 21. cxd5 a5 22. Qc3 Qf6 23. Kb1 c5 24. dxc6 bxc6 25. Qc2 Qe6 26. f4 Ng4 27. Bxg7 Kxg7 28. Qxc6 Re8 29. Qc3+ Qf6 30. Qxf6+ Kxf6 31. Rhe1 Re3 32. Rd5 a4 33. b4 Ke6 34. Ra5 a3 35. b5 Re4 36. Rxa3 Rb4+ 37. Rb3 Rxb3+ 38. axb3 Kd5 39. Kb2 Kc5 40. Rc1+ Kxb5 41. Rc7 Nfh6 42. Rg7 Ne3 43. Rxg6 Nhg4 44. Rxd6 Kc5 45. Ra6 Kb5 46. Re6 Nf1 47. e4 fxe4 48. Rxe4 Nxg3 49. Re8 Nh6 50. Kc3 Nhf5 51. Kd3 Kb4 52. Re5 Kxb3 53. Rc5 Kb4 54. Rc8 Kb5 55. Rc2 Kb4 56. Rc8 Kb5 1/2-1/2